Responses for Show #824 - Thursday, March 17, 1988

Ron Trigueiro game 5.

Contestants

[<< previous game]

Cheryl van Middlesworth, a housewife from Cerritos, California

Michael Folz, a writer from Anaheim, California

Ron Trigueiro, a student from Caruthers, California (whose 4-day cash winnings total $49,400)

[next game >>]

Jeopardy! Round responses

U.S. CITIES
AUTOMOBILES
LYRICS
COSMETICS
JESSICAS
CATS & DOGS
    $100 6
Philadelphia

Ron
    $100 19
a Dusenberg

Michael
    $100 11
Columbus

Michael
    $100 10
Oil of Olay

Michael
    $100 22
Jessica Hahn

Ron
    $100 5
dingoes

Ron
    $200 4
(Alex: Correct, and he's not the famous general, by the way.)

Scottsdale

Cheryl
    $200 20
the Mustang

Ron
    $200 12
rock-a-bye

Michael
    $200 14
Grecian Formnula

Michael
    $200 23
Jessica Lange

Michael
    $200 26
blue

Cheryl
    $300 1
Juneau

Michael
    $300 21
spark plugs

Ron
    $300 13
(Ron: What are ramparts?)
(Michael: What are stars?)

stripes

RonMichaelCheryl
    $300 16
Nair & Neet

Cheryl
    $300 7
Jessica Savitch

Ron
    $300 27
a tigon

Triple Stumper
    $400 2
Terre Haute

Michael
    $400 24
the Scirocco

Cheryl
    $400 15
Joe

Cheryl
    $400 17
to remove spots from the skin

Cheryl
    $400 8
Jessica Tandy

Ron
    $400 28
a puma

Michael
    $500 3
Elizabeth

Michael
    $500 25
(Ron: What is Jeep?)
(Cheryl: What is Fiat?)

Mercedes-Benz

RonCheryl
Triple Stumper
    $500 29
alouette

Cheryl
    $500 18
zinc oxide

Michael
    $500 9
Jessica Fletcher

Cheryl
    $1,700 30
the corgi

Cheryl

Scores at the first commercial break (after clue 15):

Ron Michael Cheryl
$600 $1,500 $1,400

Scores at the end of the Jeopardy! Round:

Ron Michael Cheryl
$700 $2,700 $4,400

Double Jeopardy! Round responses

AMERICAN INDIANS
THE CABINET
THE BRITISH ISLES
"D" IN SCIENCE
DICKENS
KIND OF A DRAG
    $200 6
Geronimo

Cheryl
    $200 4
Dean Rusk (or Dean Acheson)

Ron
    $200 13
Merlin

Ron
    $200 16
distillation (or desalination or desalinization)

Cheryl
    $200 15
a writer

Michael
    $200 23
Michael Jackson

Michael
    $400 7
Superior

Ron
    $400 5
Al Haig

Cheryl
    $2,300 20
(Ron: What is Scotland?)
...
(Alex: Ooh, sorry, the dragon is the symbol of [*].)

Wales

Ron
    $400 17
a dynamo

Triple Stumper
    $400 28
the facts

Ron
    $400 24
Thor

Cheryl
    $1,300 8
(Ron: What are the Bonhommes?)

the Crowes

Ron
    $600 12
the Teapot Dome scandal

Cheryl
    $600 1
Great Britain

Ron
    $600 18
demography

Cheryl
    $600 30
Great Expectations (or Oliver Twist)

Cheryl
    $600 25
Cary Grant

Cheryl
    $800 9
the Oneida

Cheryl
    $800 14
James Buchanan

Ron
    $800 2
Northern Ireland

Ron
    $800 19
the dew point

Ron
    $800 29
Chuzzlewit

Ron
    $800 26
(Ron: What is Some Like it Hot?)
...
(Alex: No, sorry....That's the film on which it was based, the musical was called [*].)

Sugar

Ron
Triple Stumper
    $1000 10
the Creeks

Ron
    $1000 11
Postmaster General

Michael
    $1000 3
(Alex: They had [*] or [*] on their skin.)

tattoes or painted designs

Triple Stumper
    $1000 22
(John) Dalton

Michael
    $1000 21
Bleak House

Ron
    $1000 27
Viola

Triple Stumper

Scores at the end of the Double Jeopardy! Round:

Ron Michael Cheryl
$3,300 $5,100 $8,800

[wagering suggestions for these scores]

Final Jeopardy! Round responses

WORLD HISTORY
RonWho was F.D.R.?
$3,300
MichaelWho is Nixon?
$5,090
CherylWho is Hoover?
$2,000
Franklin Delano Roosevelt

Final scores:

Ron Michael Cheryl
$6,600 $10 $6,800
2nd place: refrigerator + TV/clock/radio combination + Jeopardy! home game 3rd place: dishwasher + Jeopardy! home game New champion: $6,800 + Jeopardy! home game

Game dynamics:

Coryat scores:

Ron Michael Cheryl
$6,900 $5,100 $7,600
18 R,
5 W
(including 2 DDs)
15 R,
1 W
19 R
(including 1 DD),
1 W

Combined Coryat: $19,600

[game clues] [game scores] [suggest correction]

Game tape date: 1987-11-18
The J! Archive is created by fans, for fans. Scraping, republication, monetization, and malicious use prohibited; this site may use cookies and collect identifying information. See terms. The Jeopardy! game show and all elements thereof, including but not limited to copyright and trademark thereto, are the property of Jeopardy Productions, Inc. and are protected under law. This website is not affiliated with, sponsored by, or operated by Jeopardy Productions, Inc. Join the discussion at JBoard.tv.